Multifunkčné stĺpy verejného osvetlenia
Salvato in:
| Autore principale: | |
|---|---|
| Altri autori: | |
| Natura: | Manoscritto Libro |
| Lingua: | slovacco |
| Pubblicazione: |
Bratislava :
STU v Bratislave FEI,
2021
|
| Soggetti: | |
| Accesso online: | https://opac.crzp.sk/?fn=detailBiblioForm&sid=38F43C5054BC4F7F2DB4C0F31F28&seo=CRZP-detail-kniha |
| Tags: |
Nessun Tag, puoi essere il primo ad aggiungerne!!
|
MARC
| LEADER | 00000ntm a22000003a 4500 | ||
|---|---|---|---|
| 001 | stuzp83781 | ||
| 003 | SK-STU | ||
| 005 | 20210818103803.6 | ||
| 007 | ta | ||
| 008 | 150427s2015----xo-----f-mn---000-0-slo-d | ||
| 040 | |a STU |b slo | ||
| 041 | 0 | |a slo | |
| 044 | |a xo | ||
| 100 | 1 | |a Krakovik, Martin |u 032000 |4 aut |U FEI Fakulta elektrotechniky a informatiky |U FEI Fakulta elektrotechniky a informatiky |T FEI Ústav elektroenergetiky a aplikovanej elektrotechniky |X 92494 |U E020 |Y 548 |7 92494 | |
| 242 | 0 | 1 | |a Multipurpose Road Lighting Poles |y eng |
| 245 | 1 | 0 | |a Multifunkčné stĺpy verejného osvetlenia |
| 260 | |a Bratislava : |b STU v Bratislave FEI, |c 2021 | ||
| 300 | |a 56 s. | ||
| 650 | 4 | |a Smart City |2 slo | |
| 650 | 4 | |a Multifunkčné stĺpy |2 slo | |
| 650 | 4 | |a Verejné osvetlenie |2 slo | |
| 650 | 4 | |a Ideový návrh |2 slo | |
| 650 | 4 | |a Nabíjacie stanice |2 slo | |
| 650 | 4 | |a Smart City |2 eng | |
| 650 | 4 | |a Multifunctional poles |2 eng | |
| 650 | 4 | |a Public lighting |2 eng | |
| 650 | 4 | |a Conceptual design |2 eng | |
| 650 | 4 | |a Charging stations |2 eng | |
| 700 | 1 | |a Gašparovský, Dionýz |u 032000 |k Z1 |4 ths |U FEI Fakulta elektrotechniky a informatiky |U FEI Fakulta elektrotechniky a informatiky |T FEI Ústav elektroenergetiky a aplikovanej elektrotechniky |X 1935 |U E020 |Y 548 |7 A000001935 | |
| 856 | 4 | |u https://opac.crzp.sk/?fn=detailBiblioForm&sid=38F43C5054BC4F7F2DB4C0F31F28&seo=CRZP-detail-kniha | |